00403nam a2200169Ia 4500008004100000020001800041245001800059245003100077245002600108260001500134260001600149260000900165300001600174300002500190300001000215500000800225170705s9999 xx 000 0 und d a9780439803595 aSammy Keyes : band the art of deception / cWendelin Van Draanen. aNew York : bScholastic, c2003 a272 pages : bcolor illustration ; c19cm. a660